Windthorst /
שמור ב:
| מחבר ראשי: | |
|---|---|
| פורמט: | ספר |
| שפה: | ספרדית |
| יצא לאור: |
México :
Jus,
1961, c1961
|
| סדרה: | (Forjadores de la Historia ;
1) |
| נושאים: | |
| תגים: |
אין תגיות, היה/י הראשונ/ה לתייג את הרשומה!
|
MARC
| LEADER | 00000nam^a2200000^a^4500 | ||
|---|---|---|---|
| 001 | 000279584 | ||
| 005 | 20250521000000.0 | ||
| 009 | 20260310111439.258 | ||
| 037 | |a Acervo Xavier Clavigero | ||
| 041 | |a ESP | ||
| 082 | |a 943. 07 |b BAZ | ||
| 100 | |a Bazin, Gustave |e (autor) | ||
| 245 | 1 | 0 | |a Windthorst / |c G. Bazin ; tr. por Salvador Núñez Traslosheros. |
| 246 | 2 | |a Título en la cubierta: Windthorst: jefe del centro católico alemán | |
| 264 | 4 | |a México : |b Jus, |c 1961, c1961 | |
| 300 | |a 311 p. | ||
| 336 | |a texto |b txt |2 rdacontenido | ||
| 337 | |a sin mediación |b n |2 rdamedio | ||
| 338 | |a volumen |b nc |2 rdasoporte | ||
| 440 | 1 | |a (Forjadores de la Historia ; |v 1) | |
| 500 | |a Traducción de: Windthorst. Ses alliés et ses adversaires | ||
| 649 | |a XX | ||
| 650 | |a Políticos Alemanes | ||
| 650 | |a Iglesia y Estado - |z Alemania - |x Historia - |x Tema Principal | ||
| 650 | |a Iglesia Católica en Alemania - |x Historia - |y Siglo XIX | ||
| 650 | |a Política y Religión - |z Alemania - |x Historia | ||
| 650 | |a Política - |z Alemania - |x Historia - |y Siglo XIX | ||
| 650 | |a Alemania - |x Historia - |y Siglo XIX | ||
| 650 | |a Windthorst, Ludwig Josef Ferdinand Gustav - |x Tema Principal | ||
| 910 | |a Fondo General | ||
| 920 | |a Impresos - Libros | ||
| 930 | |a Colección General | ||
| 905 | |a 101 | ||
| 901 | |a 0500166385 |b IT1 |c ACC |u 20250521 | ||
| 902 | |a https://opac.biblio.iteso.mx/vufind/Record/000279584 | ||